Fr. Conceicao Rodrigues College of Engineering

Redesigning the Business Orgn (Record no. 22032)

MARC details
000 -LEADER
fixed length control field 00305nam a2200145Ia 4500
082 ## - DEWEY DECIMAL CLASSIFICATION NUMBER
Classification number 658
Item number JAW
100 ## - MAIN ENTRY--PERSONAL NAME
Personal name Jawadekar/W.S.
245 ## - TITLE STATEMENT
Title Redesigning the Business Orgn
260 ## - PUBLICATION, DISTRIBUTION, ETC.
Name of publisher, distributor, etc. Jaico Pub
Date of publication, distribution, etc. 1998
300 ## - PHYSICAL DESCRIPTION
Extent 221
546 ## - LANGUAGE NOTE
Language note ENGLISH
654 ## - SUBJECT ADDED ENTRY--FACETED TOPICAL TERMS
Focus term Business orgn
942 ## - ADDED ENTRY ELEMENTS (KOHA)
Koha item type BOOK
Holdings
Withdrawn status Lost status Damaged status Not for loan Collection Home library Current library Date acquired Total Checkouts Full call number Barcode Date last seen Price effective from Koha item type
        CRC Fr. Agnel's C.Rodrigues College of Engineering Fr. Agnel's C.Rodrigues College of Engineering 17/03/2023   658 JAW 10964 17/03/2023 17/03/2023 BOOK
        CRC Fr. Agnel's C.Rodrigues College of Engineering Fr. Agnel's C.Rodrigues College of Engineering 17/03/2023   658 JAW 10965 17/03/2023 17/03/2023 BOOK